[Event "CHN-chT 3rd"]
[Site "China"]
[Date "2007.06.26"]
[Round "6"]
[White "Xu, Jun"]
[Black "Li, Haoyu"]
[Result "1/2-1/2"]
[WhiteElo "2574"]
[BlackElo "2285"]
[PlyCount "84"]
[EventDate "2007.04.??"]
[EventType "team-tourn"]
[EventRounds "18"]
[EventCountry "CHN"]
[SourceTitle "EXT 2017"]
[Source "ChessBase"]
[SourceDate "2016.10.25"]
[SourceVersion "1"]
[SourceVersionDate "2016.10.25"]
[SourceQuality "1"]

1. d4 d5 2. c4 dxc4 3. Nf3 Nf6 4. Nc3 c6 5. a4 Bf5 6. Ne5 Nbd7 7. Nxc4 Nb6 8. Ne3 Bg6 9. a5 Nbd5 10. Qb3 Rb8 11. Nexd5 Nxd5 12. Bg5 f6 13. Bd2 e6 14. e4 Nxc3 15. bxc3 Bxe4 16. Bf4 e5 17. dxe5 fxe5 18. Bxe5 Qe7 19. f4 Rd8 20. Ra2 Bd5 21. Bc4 Qe6 22. Bxd5 Qxd5 23. c4 Qd3 24. Qxd3 Rxd3 25. Ke2 Rd7 26. Rd1 Bc5 27. Rxd7 Kxd7 28. Kf3 Rg8 29. Rb2 b6 30. axb6 axb6 31. Ra2 b5 32. Ra5 Bb6 33. Ra6 Bc5 34. cxb5 cxb5 35. f5 g6 36. f6 Re8 37. Ke4 Re6 38. Ra8 Bd6 39. Ra7+ Ke8 40. Kd5 Rxe5+ 41. Kxd6 Re2 42. Rxh7 Rxg2 1/2-1/2

[Event "Shandong zt 3.5"]
[Site "Shandong"]
[Date "2007.05.03"]
[Round "6"]
[White "Yu, Yangyi"]
[Black "Li, Haoyu"]
[Result "1/2-1/2"]
[WhiteElo "2204"]
[BlackElo "2285"]
[PlyCount "138"]
[EventDate "2007.04.28"]
[EventType "swiss"]
[EventRounds "9"]
[EventCountry "CHN"]
[SourceTitle "CBM 118 Extra"]
[Source "ChessBase"]
[SourceDate "2007.07.04"]
[SourceVersion "1"]
[SourceVersionDate "2007.07.04"]
[SourceQuality "1"]

1. e4 c5 2. Nf3 Nc6 3. d4 cxd4 4. Nxd4 Nf6 5. Nc3 e5 6. Ndb5 d6 7. Bg5 a6 8. Na3 b5 9. Bxf6 gxf6 10. Nd5 f5 11. Bd3 Be6 12. 0-0 Bxd5 13. exd5 Ne7 14. c3 Bg7 15. Qh5 e4 16. Bc2 Qc8 17. Rad1 0-0 18. Bb1 Re8 19. Kh1 Qc5 20. Nc2 Nxd5 21. Qxf5 Nb6 22. Ne3 Qxf5 23. Nxf5 d5 24. f3 e3 25. Rfe1 Nc4 26. Rxd5 Rad8 27. Rxd8 Rxd8 28. Nxg7 Kxg7 29. b3 Nb2 30. Kg1 Nd1 31. c4 Nc3 32. Bf5 e2 33. a3 bxc4 34. bxc4 Rd4 35. c5 Rc4 36. Bd3 Rxc5 37. Bxa6 Ra5 38. Bxe2 Nxe2+ 39. Rxe2 Rxa3 40. Kf2 h6 41. g4 Ra4 42. Kg3 Rb4 43. Ra2 Rc4 44. h4 Rb4 45. Re2 Ra4 46. Re4 Ra5 47. Kf4 Rb5 48. h5 Kf6 49. Rd4 Ra5 50. Rd6+ Kg7 51. Ke4 Ra1 52. f4 Rh1 53. Kf5 Rh2 54. Rd3 Rh1 55. Re3 Rh2 56. Ke4 Rh1 57. Kf3 Kf6 58. Rd3 Rh3+ 59. Ke4 Rh4 60. Rg3 Kg7 61. Ke5 Rh1 62. Rf3 Rg1 63. Kf5 Rh1 64. Rg3 Rh2 65. Ra3 Rh1 66. Ra4 Rh2 67. Re4 Rh1 68. Ke5 Ra1 69. Rd4 Re1+ 1/2-1/2

[Event "Shandong zt 3.5"]
[Site "Shandong"]
[Date "2007.04.30"]
[Round "3"]
[White "Ji, Dan"]
[Black "Li, Haoyu"]
[Result "1-0"]
[WhiteElo "2246"]
[BlackElo "2285"]
[PlyCount "63"]
[EventDate "2007.04.28"]
[EventType "swiss"]
[EventRounds "9"]
[EventCountry "CHN"]
[SourceTitle "CBM 118 Extra"]
[Source "ChessBase"]
[SourceDate "2007.07.04"]
[SourceVersion "1"]
[SourceVersionDate "2007.07.04"]
[SourceQuality "1"]

1. e4 c5 2. Nf3 d6 3. d4 cxd4 4. Nxd4 Nf6 5. Nc3 g6 6. Be3 Bg7 7. Bc4 0-0 8. f3 Nc6 9. Qd2 Bd7 10. 0-0-0 Qa5 11. Kb1 Rfc8 12. Bb3 Ne5 13. g4 Nc4 14. Bxc4 Rxc4 15. Nb3 Qa6 16. e5 Nxg4 17. fxg4 Bxg4 18. exd6 Bxd1 19. dxe7 Bxc2+ 20. Qxc2 Qe6 21. Qd3 Rcc8 22. Bg5 f6 23. Bh4 Qxe7 24. Re1 Qf7 25. Ne4 Re8 26. Rd1 Qe7 27. Nd6 Rad8 28. Nc5 Rf8 29. Qd5+ Kh8 30. Ne6 Rd7 31. Nxf8 Qxf8 32. Qe6 1-0